| 000 | 00387pab a2200157 454500 | ||
|---|---|---|---|
| 008 | 180718b2009 xxu||||| |||| 00| 0 eng d | ||
| 100 | _aRoy Burman, B.K. | ||
| 245 | _aWhat has driven the tribals of central India to political extremism? | ||
| 260 | _c2009 | ||
| 300 | _ap.11-26. | ||
| 362 | _a17 Oct | ||
| 650 | _aTerrorism | ||
| 773 | _aMainstream | ||
| 908 | _aN | ||
| 909 | _a83981 | ||
| 999 |
_c83981 _d83981 |
||